| 000 | 00627nam a22002057a 4500 | ||
|---|---|---|---|
| 005 | 20140519110101.0 | ||
| 008 | 140519b xxu||||| |||| 00| 0 eng d | ||
| 020 |
_a9780770436544 _c199 |
||
| 040 | _aLoreto College | ||
| 041 | _aEnglish | ||
| 082 |
_a658.4 _bLUN |
||
| 100 |
_aLundin, Stephen _d1941- |
||
| 245 |
_aUbuntu _bAn inspiring story about an Afruican tradition of teamwork and collaboration _cStephen C Lundin and Bob Nelson |
||
| 260 |
_aNew York _bBroadway Books _c2010 |
||
| 300 |
_avii,132p _b20 cm |
||
| 650 | _aTeams in the workplace | ||
| 700 |
_4Auth _aBob, Nelson _d1956- |
||
| 850 | _aLCLIB | ||
| 942 | _cBK | ||
| 999 |
_c39229 _d89708 |
||